West's paralegal today : (Record no. 6306)
[ view plain ]
| 000 -LEADER | |
|---|---|
| fixed length control field | 01237cam a2200289 a 4500 |
| 001 - CONTROL NUMBER | |
| control field | 2087786 |
| 003 - CONTROL NUMBER IDENTIFIER | |
| control field | OSt |
| 005 - DATE AND TIME OF LATEST TRANSACTION | |
| control field | 20150720095935.0 |
| 008 - FIXED-LENGTH DATA ELEMENTS--GENERAL INFORMATION | |
| fixed length control field | 950712s1996 mnuabk bf 001 0 eng |
| 010 ## - LIBRARY OF CONGRESS CONTROL NUMBER | |
| LC control number | 95023789 |
| 020 ## - INTERNATIONAL STANDARD BOOK NUMBER | |
| International Standard Book Number | 0314065881 (hardcover : alk. paper) |
| 040 ## - CATALOGING SOURCE | |
| Original cataloging agency | SEKU |
| 043 ## - GEOGRAPHIC AREA CODE | |
| Geographic area code | n-us--- |
| 050 00 - LIBRARY OF CONGRESS CALL NUMBER | |
| Classification number | KF 320.L4 |
| Item number | M5 1996 |
| 100 1# - MAIN ENTRY--PERSONAL NAME | |
| Personal name | Miller, Roger LeRoy. |
| 245 10 - TITLE STATEMENT | |
| Title | West's paralegal today : |
| Remainder of title | the legal team at work |
| Statement of responsibility, etc. | Roger LeRoy Miller, Mary S. Urisko. |
| 250 ## - EDITION STATEMENT | |
| Edition statement | Comprehensive ed. |
| 260 ## - PUBLICATION, DISTRIBUTION, ETC. (IMPRINT) | |
| Place of publication, distribution, etc. | St. Paul : |
| Name of publisher, distributor, etc. | West Pub., |
| Date of publication, distribution, etc. | c1996. |
| 300 ## - PHYSICAL DESCRIPTION | |
| Extent | 1 v. (various pagings) : |
| Other physical details | col. ill., forms, maps ; |
| Dimensions | 26 cm. + |
| Accompanying material | instructor's manual. |
| 500 ## - GENERAL NOTE | |
| General note | Accompanied by: Instructor's manual for The drama of the law: paralegal issues, which also accompanies West's paralegal today and West's paralegal today : the essentials. |
| 504 ## - BIBLIOGRAPHY, ETC. NOTE | |
| Bibliography, etc | Includes bibliographical references and index. |
| 590 ## - LOCAL NOTE (RLIN) | |
| Local note | LC copy of Instructor's manual for The drama of the law II: paralegal issues, is shelved with West's paralegal today (KF320.L4M556 1995) |
| 650 #0 - SUBJECT ADDED ENTRY--TOPICAL TERM | |
| Topical term or geographic name as entry element | Legal assistants |
| Geographic subdivision | United States. |
| 650 #0 - SUBJECT ADDED ENTRY--TOPICAL TERM | |
| Topical term or geographic name as entry element | Legal assistants |
| Geographic subdivision | United States |
| Form subdivision | Handbooks, manuals, etc. |
| 700 1# - ADDED ENTRY--PERSONAL NAME | |
| Personal name | Meinzinger, Mary. |
| 942 ## - ADDED ENTRY ELEMENTS (KOHA) | |
| Source of classification or shelving scheme | Library of Congress Classification |
| Koha item type | General circulation |
| Withdrawn status | Lost status | Source of classification or shelving scheme | Damaged status | Not for loan | Home library | Current library | Shelving location | Date acquired | Source of acquisition | Total Checkouts | Full call number | Barcode | Date last seen | Price effective from | Koha item type | Public note |
|---|---|---|---|---|---|---|---|---|---|---|---|---|---|---|---|---|
| Library of Congress Classification | Main Campus Library | Main Campus Library | General Stacks | 20/07/2015 | Donation-Books for Africa | KF 320.L4 M5 1996 | 2015/003720 | 20/07/2015 | 20/07/2015 | General circulation | amk |